000 00617nam a22002177a 4500
001 35385
003 BD-RjUL
005 20211209052318.0
008 140524r1947 n ||||| |||| 001 0 eng d
035 _a(BD-RjUL)35479
040 _aBD-RjUL
_beng
_cBD-RjUL
_dBD-RjUL
041 _aeng
082 _a309.173
_bSCC 1947
100 1 _aScudder, Townsend
_9107780
245 _aConcord : american town /
_cTownsend, Scudder
260 _aBoston :
_bLittle, Brown & Copany,
_c[Reprinted 1947].
300 _a421 p. ;
_c22 cm.
504 _aIncludes index.
650 _aConcord (Mass.) History
_9107781
942 _2ddc
_cBK
999 _c35385
_d35385